000 00201 a2200097 4500
001 1818
100 _aMayer, R.R.
245 _aProduction Management
260 _a
_bMcgrawhill
_c
090 _c1325
_d1325
942 _aNUST-CAE
_cM
_c3614
999 _c236891
_d236891